| 000 | 00629nam a2200217Ia 4500 | ||
|---|---|---|---|
| 003 | GCL | ||
| 008 | 140319s9999 xx 000 0 ara d | ||
| 040 |
_aGCL / _cGCL |
||
| 082 | 0 | 4 |
_a961.1 _bم ج |
| 100 | 1 | _aمحمد العزيز ابن عاشور | |
| 245 | 1 | 0 |
_aجامع الزيتونة / _cمحمد العزيز ابن عاشور |
| 260 |
_a[S.N] : _bدار سراس للنشر |
||
| 490 | _a | ||
| 650 | 0 | 4 | _aتاريخ |
| 650 | 0 | 4 | _aتونس |
| 650 | 0 | 4 | _aالعمارة الاسلامية |
| 650 | 0 | 4 | _aالمبانى |
| 650 | 0 | 4 | _aالاثار الاسلامية |
| 650 | 0 | 4 | _aالمساجد |
| 942 |
_2ddc _cBK |
||
| 999 |
_c35307 _d35307 |
||